DEARAS /

Bibliographic Details
Corporate Author: Air Force Legal Information Services (U.S.)
Format: Government Document Book
Language:English
Published: [Washington, D.C.?] : Dept. of Defense, [1997]
Subjects:

MARC

Tag First Indicator Second Indicator Subfields
LEADER 00000cmm a2200000Ia 4500
001 in00002640421
005 20151202113112.0
008 971023s1997 dcu u f eng d
035 |a (OCoLC)ocm37831040 
035 |a (OCoLC)37831040 
040 |a GPO  |c GPO  |d GAO  |d OCLCQ  |d TXA  |d UtOrBLW 
043 |a n-us--- 
049 |a TXAM 
050 4 |a KF336  |b .D42 
074 |a 0307-A-05 
086 0 |a D 301.118:D 34/CD 
245 0 0 |a DEARAS /  |c produced by Air Force Legal Information Services. 
264 1 |a [Washington, D.C.?] :  |b Dept. of Defense,  |c [1997] 
300 |a 1 CD-ROM ;  |c 4 3/4 in. 
336 |a computer program  |b cop  |2 rdacontent 
337 |a computer  |b c  |2 rdamedia 
338 |a computer disc  |b cd  |2 rdacarrier 
538 |a System requirements: IBM or compatible personal computer; Microsoft Windows 3.1 or greater; CD-ROM drive. 
500 |a Title from disc label. 
500 |a "CASE CILE CODE DODS DIGW EXEC FARS INTL PACK PITF PUBL REGS SOFA." 
500 |a Shipping list number 98-0003-E. 
500 |a "September 1997." 
538 |a Disc characteristics: CD-ROM. 
500 |a Electronic resource. 
650 0 |a Legal services  |z United States  |v Databases. 
710 2 |a Air Force Legal Information Services (U.S.) 
994 |a C0  |b TXA 
948 |a cataloged  |b h  |c 2010/12/06  |e ssaenz  |f 11:57:06 am 
999 |a MARS 
999 f f |s a0d08921-8c0d-325a-96d3-423befe2b863  |i b0cb302b-84bc-3339-9518-419bfe2080e8  |t 0 
952 f f |p normal  |a Texas A&M University  |b College Station  |c Sterling C. Evans Library  |d Evans: US Documents CD-ROMs (Annex 5th floor)  |t 0  |e D 301.118:D 34/CD  |h Superintendent of Documents classification  |i computer -- computer disc  |m A14821786228 
998 f f |a D 301.118:D 34/CD  |t 0  |l Evans: US Documents CD-ROMs (Annex 5th floor)